[Event "14. Obert Int. Sant Marti 2012"]
[Site "Barcelona ESP"]
[Date "2012.07.18"]
[Round "6.7"]
[White "Panelo, Marcelo"]
[Black "Saptarshi, Roy"]
[Result "0-1"]
[WhiteElo "2452"]
[BlackElo "2389"]
[PlyCount "93"]
[EventDate "2012.07.13"]
[EventType "swiss"]
[EventRounds "9"]
[EventCountry "ESP"]
[SourceTitle "Ajedrez en Madrid"]
[Source "lmi"]
[SourceDate "2012.07.13"]
[SourceVersion "1"]
[SourceVersionDate "2019.06.21"]
[SourceQuality "1"]

1. d4 d5 2. c4 e6 3. Nf3 c6 4. Qc2 f5 5. Bf4 Nf6 6. Nc3 Bd6 7. e3 O-O 8. Bd3
dxc4 9. Bxc4 Bxf4 10. exf4 b5 11. Bb3 Nd5 12. Nxd5 cxd5 13. O-O a5 14. a3 Ra6
15. Rac1 Rc6 16. Qe2 Qb6 17. Qe3 Bd7 18. Ne5 Rxc1 19. Rxc1 Rc8 20. h3 Rxc1+ 21.
Qxc1 Qd6 22. Bd1 Nc6 23. Nxd7 Qxd7 24. Qc5 Qb7 25. Be2 b4 26. a4 Kf7 27. Bh5+
g6 28. Be2 b3 29. g3 Ne7 30. Bb5 Qc8 31. Kf1 h6 32. Ke2 Qh8 33. Qc3 g5 34. Qe3
Qc8 35. Kf3 Qc2 36. fxg5 hxg5 37. Bd7 Qe4+ 38. Ke2 f4 39. Qxe4 dxe4 40. h4 gxh4
41. gxf4 Kf6 42. f3 e3 43. Kxe3 Nf5+ 44. Kf2 Nxd4 45. Kg2 Kf5 46. Bb5 Nc2 47.
Bd3+ 0-1

[Event "14. Obert Int. Sant Marti 2012"]
[Site "Barcelona ESP"]
[Date "2012.07.18"]
[Round "6.8"]
[White "Uribe Arteaga, Daniel"]
[Black "Cordova, Emilio"]
[Result "0-1"]
[WhiteElo "2272"]
[BlackElo "2584"]
[PlyCount "70"]
[EventDate "2012.07.13"]
[EventType "swiss"]
[EventRounds "9"]
[EventCountry "ESP"]
[SourceTitle "Ajedrez en Madrid"]
[Source "lmi"]
[SourceDate "2012.07.13"]
[SourceVersion "1"]
[SourceVersionDate "2019.06.21"]
[SourceQuality "1"]

1. Nf3 Nf6 2. c4 b6 3. g3 Bb7 4. Bg2 c5 5. O-O g6 6. Nc3 Bg7 7. d4 cxd4 8. Qxd4
d6 9. Rd1 Nbd7 10. Be3 Rc8 11. Rac1 O-O 12. Qh4 Re8 13. b3 a6 14. Bh6 Rc5 15.
Bxg7 Kxg7 16. Qd4 b5 17. cxb5 axb5 18. Ne1 Bxg2 19. Kxg2 Qa8+ 20. f3 e5 21. Qb4
e4 22. Rxd6 exf3+ 23. exf3 Rce5 24. Nd3 Re2+ 25. Nxe2 Rxe2+ 26. Nf2 Ne5 27.
Rxf6 Rxf2+ 28. Kg1 Re2 29. Kf1 Rf2+ 30. Kg1 Rxa2 31. Rf1 Qa7+ 32. Kh1 Qd7 33.
Rf4 Qh3 34. Rxf7+ Kxf7 35. Qf4+ Kg8 0-1

[Event "14. Obert Int. Sant Marti 2012"]
[Site "Barcelona ESP"]
[Date "2012.07.18"]
[Round "6.9"]
[White "Cuartas, Jaime Alexander"]
[Black "Lorenzo De La Riva, Lazaro"]
[Result "1/2-1/2"]
[WhiteElo "2523"]
[BlackElo "2422"]
[PlyCount "95"]
[EventDate "2012.07.13"]
[EventType "swiss"]
[EventRounds "9"]
[EventCountry "ESP"]
[SourceTitle "Ajedrez en Madrid"]
[Source "lmi"]
[SourceDate "2012.07.13"]
[SourceVersion "1"]
[SourceVersionDate "2019.06.21"]
[SourceQuality "1"]

1. e4 c5 2. Nf3 g6 3. c3 Bg7 4. d4 cxd4 5. cxd4 d5 6. e5 Nh6 7. h3 O-O 8. Nc3
Nc6 9. Be2 Bf5 10. O-O Be4 11. Ng5 Qb6 12. Be3 Nf5 13. Na4 Qa5 14. Bd2 Qd8 15.
Bc3 h6 16. Nf3 Bxf3 17. gxf3 e6 18. f4 Qh4 19. Bg4 Kh7 20. Nc5 b6 21. Nb3 h5
22. Bxf5 gxf5 23. Qf3 Bh6 24. Bd2 Ne7 25. Kh1 Ng6 26. Qg3 Rac8 27. Rac1 Rc4 28.
Rc3 a5 29. Be3 Rfc8 30. Rfc1 Bf8 31. Nd2 Rxc3 32. Rxc3 Rxc3 33. bxc3 b5 34. Nf3
Qxg3 35. fxg3 Ba3 36. Kg2 Ne7 37. Kf1 Nc6 38. Ke2 a4 39. Bd2 Na5 40. Kd3 Nc4
41. Kc2 Be7 42. h4 Kg7 43. Bc1 Kf8 44. Ne1 Ke8 45. Nd3 Kd7 46. Nb4 Na5 47. a3
Nc4 48. Kd3 1/2-1/2

[Event "14. Obert Int. Sant Marti 2012"]
[Site "Barcelona ESP"]
[Date "2012.07.18"]
[Round "6.10"]
[White "Asis Gargatagli, Hipolito"]
[Black "Gonzalez Rodriguez, Jorge A"]
[Result "1-0"]
[WhiteElo "2482"]
[BlackElo "2410"]
[PlyCount "99"]
[EventDate "2012.07.13"]
[EventType "swiss"]
[EventRounds "9"]
[EventCountry "ESP"]
[SourceTitle "Ajedrez en Madrid"]
[Source "lmi"]
[SourceDate "2012.07.13"]
[SourceVersion "1"]
[SourceVersionDate "2019.06.21"]
[SourceQuality "1"]

1. e4 e6 2. d4 d5 3. Nc3 Bb4 4. e5 b6 5. a3 Bf8 6. Nf3 c5 7. Bg5 Qd7 8. Bb5 Nc6
9. dxc5 bxc5 10. O-O h6 11. Bh4 Nge7 12. Bxe7 Bxe7 13. Nxd5 exd5 14. e6 Qxe6
15. Re1 Qd6 16. Ne5 Bd7 17. Nc4 Qc7 18. Ne3 Be6 19. Nxd5 Qb7 20. c4 Kf8 21.
Rxe6 fxe6 22. Qf3+ Kg8 23. Bxc6 Qxc6 24. Nf6+ Bxf6 25. Qxc6 Kf7 26. Qd7+ Kg6
27. Qxe6 Rhe8 28. Qg4+ Kh7 29. Qf5+ Kh8 30. Qxc5 Bxb2 31. Rf1 Rac8 32. Qxa7
Rxc4 33. a4 Rcc8 34. g3 Ra8 35. Qb6 Bf6 36. Qb4 Reb8 37. Qg4 Rd8 38. Rc1 Bb2
39. Rc4 Bf6 40. Kg2 Kh7 41. Rc6 Rdb8 42. h4 Ba1 43. h5 Kh8 44. Qc4 Bf6 45. f4
Rd8 46. Kh3 Rf8 47. Kg4 Ba1 48. Qc5 Rfd8 49. a5 Bd4 50. Qa3 1-0

[Event "14. Obert Int. Sant Marti 2012"]
[Site "Barcelona ESP"]
[Date "2012.07.18"]
[Round "6.11"]
[White "Barsov, Alexei"]
[Black "Tomov, Georgi"]
[Result "1/2-1/2"]
[WhiteElo "2539"]
[BlackElo "2263"]
[PlyCount "93"]
[EventDate "2012.07.13"]
[EventType "swiss"]
[EventRounds "9"]
[EventCountry "ESP"]
[SourceTitle "Ajedrez en Madrid"]
[Source "lmi"]
[SourceDate "2012.07.13"]
[SourceVersion "1"]
[SourceVersionDate "2019.06.21"]
[SourceQuality "1"]

1. d4 d5 2. c4 e6 3. Nc3 c6 4. Nf3 Nf6 5. Bg5 dxc4 6. a4 Bb4 7. e4 c5 8. Bxc4
cxd4 9. Nxd4 Qa5 10. Ndb5 a6 11. Bxf6 gxf6 12. Na3 Bxc3+ 13. bxc3 Qxc3+ 14. Kf1
Nc6 15. h4 e5 16. Bd5 Bg4 17. Bxc6+ bxc6 18. Qc1 Qxc1+ 19. Rxc1 Rd8 20. Nc4 Rd4
21. a5 Ke7 22. f3 Be6 23. Ne3 Rb8 24. Kf2 Rd2+ 25. Kg3 Re2 26. Rc3 c5 27. f4
Rb3 28. Rxb3 Bxb3 29. Kf3 Ra2 30. Rb1 Ra3 31. g4 Kd6 32. g5 exf4 33. Kxf4 fxg5+
34. hxg5 c4 35. Nd5 Rxa5 36. Rh1 Rc5 37. Rh6+ Kd7 38. Nc3 Rc6 39. Rxh7 Ke7 40.
Ke5 a5 41. Nd5+ Kf8 42. Nf6 Rc5+ 43. Kd6 Rxg5 44. Nd7+ Kg8 45. Nf6+ Kf8 46.
Nd7+ Kg8 47. Nf6+ 1/2-1/2

[Event "14. Obert Int. Sant Marti 2012"]
[Site "Barcelona ESP"]
[Date "2012.07.18"]
[Round "6.12"]
[White "Larduet Despaigne, Carlos"]
[Black "Turov, Maxim"]
[Result "1/2-1/2"]
[WhiteElo "2370"]
[BlackElo "2642"]
[PlyCount "50"]
[EventDate "2012.07.13"]
[EventType "swiss"]
[EventRounds "9"]
[EventCountry "ESP"]
[SourceTitle "Ajedrez en Madrid"]
[Source "lmi"]
[SourceDate "2012.07.13"]
[SourceVersion "1"]
[SourceVersionDate "2019.06.21"]
[SourceQuality "1"]

1. e4 c6 2. d4 d5 3. Nc3 dxe4 4. Nxe4 Nf6 5. Nxf6+ gxf6 6. Nf3 Bf5 7. g3 Qd5 8.
Be2 Bh3 9. c4 Qe6 10. Nh4 Na6 11. Qb3 O-O-O 12. Be3 Qd7 13. O-O-O h5 14. d5 c5
15. Rhe1 Qc7 16. a3 Qb6 17. Qc2 Nc7 18. f4 Ne8 19. Kb1 Qc7 20. Bd3 e6 21. dxe6
fxe6 22. Bd2 Bg7 23. Bc3 Nd6 24. b3 e5 25. fxe5 fxe5 1/2-1/2

[Event "14. Obert Int. Sant Marti 2012"]
[Site "Barcelona ESP"]
[Date "2012.07.18"]
[Round "6.13"]
[White "Sanchez Ibern, Marc"]
[Black "Gonzalez Garcia, Jose"]
[Result "1/2-1/2"]
[WhiteElo "2364"]
[BlackElo "2518"]
[PlyCount "202"]
[EventDate "2012.07.13"]
[EventType "swiss"]
[EventRounds "9"]
[EventCountry "ESP"]
[SourceTitle "Ajedrez en Madrid"]
[Source "lmi"]
[SourceDate "2012.07.13"]
[SourceVersion "1"]
[SourceVersionDate "2019.06.21"]
[SourceQuality "1"]

1. e4 c5 2. Nc3 e6 3. Nge2 a6 4. g3 b5 5. Bg2 Bb7 6. O-O Nc6 7. d4 cxd4 8. Nxd4
Nge7 9. Nxc6 Nxc6 10. Bf4 d6 11. a3 Be7 12. Qe2 O-O 13. Rad1 Qc7 14. g4 Ne5 15.
Bc1 Qc4 16. g5 Rac8 17. f4 Qxe2 18. Nxe2 Nd7 19. c3 Nc5 20. Ng3 Nb3 21. Be3 Na5
22. f5 Nc4 23. Bc1 Rfe8 24. f6 gxf6 25. gxf6 Bd8 26. Kh1 Bb6 27. Rf4 Be3 28.
Rg4+ Kh8 29. Rg7 Bxc1 30. Rxf7 Bg5 31. Rxb7 Bxf6 32. e5 Bxe5 33. Be4 d5 34.
Rxh7+ Kg8 35. Bg6 Rf8 36. Re1 Rf6 37. Bb1 Bxg3 38. Rg1 Rf3 39. Ra7 Nxb2 40.
Rxa6 Kf7 41. hxg3 Rcxc3 42. Re1 Rce3 43. Rxe3 Rxe3 44. Kg2 Nc4 45. a4 Rb3 46.
Bh7 b4 47. a5 Kg7 48. Ra7+ Kf6 49. a6 Ra3 50. Kh3 b3 51. Kh4 Ra1 52. Rb7 Rxa6
53. Rxb3 Ra1 54. Rf3+ Kg7 55. Bc2 Rc1 56. Rf2 Ne3 57. Bd3 Rd1 58. Bb5 Rd4+ 59.
Kh5 Ng4 60. Rf4 Rxf4 61. gxf4 Nf6+ 62. Kh4 Ne4 63. Kg4 Kf6 64. Kf3 Nd2+ 65. Ke3
Nc4+ 66. Kf3 Nd2+ 67. Ke3 Nc4+ 68. Kf3 Kf5 69. Ba6 Nd2+ 70. Ke3 Nb3 71. Bd3+
Kg4 72. Bc2 Na5 73. f5 exf5 74. Bd1+ Kg3 75. Kd4 Nc4 76. Kxd5 Ne3+ 77. Ke5 f4
78. Be2 Ng4+ 79. Ke4 Nf6+ 80. Ke5 Nd7+ 81. Kf5 Nc5 82. Bh5 Nd3 83. Be2 Nc1 84.
Bh5 Nb3 85. Bd1 Nd2 86. Be2 Nf3 87. Ke4 Ng1 88. Bd1 Nh3 89. Bh5 Ng5+ 90. Kf5
Nh3 91. Ke4 Nf2+ 92. Kf5 Nd3 93. Ke4 Nc5+ 94. Kf5 Nb3 95. Ke4 Nd2+ 96. Kf5 Nc4
97. Ke4 Ne3 98. Be2 Ng4 99. Kf5 Nf2 100. Bh5 Nh3 101. Bg4 f3 1/2-1/2

[Event "14. Obert Int. Sant Marti 2012"]
[Site "Barcelona ESP"]
[Date "2012.07.18"]
[Round "6.14"]
[White "Lopez Martinez, Josep Manuel"]
[Black "Rodriguez, Eric"]
[Result "1/2-1/2"]
[WhiteElo "2509"]
[BlackElo "2327"]
[PlyCount "157"]
[EventDate "2012.07.13"]
[EventType "swiss"]
[EventRounds "9"]
[EventCountry "ESP"]
[SourceTitle "Ajedrez en Madrid"]
[Source "lmi"]
[SourceDate "2012.07.13"]
[SourceVersion "1"]
[SourceVersionDate "2019.06.21"]
[SourceQuality "1"]

1. e4 e5 2. Nf3 Nc6 3. Bb5 a6 4. Ba4 Nf6 5. d3 d6 6. c3 Be7 7. Nbd2 O-O 8. O-O
Nd7 9. d4 Bf6 10. Bxc6 bxc6 11. Re1 c5 12. Nf1 exd4 13. cxd4 cxd4 14. Nxd4 Bb7
15. Ng3 g6 16. Bf4 Re8 17. Qd2 Ne5 18. Rad1 d5 19. Qc2 Rc8 20. Nde2 Nc4 21. Nc3
Nb6 22. e5 Be7 23. Qc1 c5 24. Nce4 Nd7 25. Nd6 Bxd6 26. exd6 Qf6 27. Qd2 d4 28.
f3 Bc6 29. b3 Ne5 30. Bxe5 Rxe5 31. Rxe5 Qxe5 32. b4 Qxd6 33. bxc5 Qxc5 34.
Qxd4 Bd5 35. Qxc5 Rxc5 36. Rd2 Ra5 37. a3 Kg7 38. Rd3 Kf6 39. Kf2 Ke6 40. Ne2
Kf6 41. Nc3 Ke5 42. f4+ Ke6 43. Ne2 Kd6 44. Ke3 Kc5 45. g4 Be6 46. g5 Rb5 47.
Rc3+ Kd6 48. Nd4 Rb2 49. Rc6+ Kd5 50. Rxa6 Rxh2 51. Ra5+ Kc4 52. Nxe6 fxe6 53.
a4 h6 54. Re5 hxg5 55. fxg5 Rh1 56. a5 Re1+ 57. Kf4 Rf1+ 58. Kg4 Rg1+ 59. Kf3
Kd4 60. Rb5 e5 61. a6 e4+ 62. Kf2 Ra1 63. Rb6 e3+ 64. Kf3 Rf1+ 65. Ke2 Rf2+ 66.
Ke1 Ra2 67. Rxg6 Kd3 68. Rd6+ Ke4 69. g6 Ra1+ 70. Ke2 Ra2+ 71. Kf1 Ra1+ 72. Kg2
e2 73. Re6+ Kf5 74. g7 Rxa6 75. g8=Q Rxe6 76. Qf7+ Ke5 77. Qf2 Kd6 78. Qe1 Re7
79. Kf3 1/2-1/2

[Event "14. Obert Int. Sant Marti 2012"]
[Site "Barcelona ESP"]
[Date "2012.07.18"]
[Round "6.15"]
[White "Mammadova, Gulnar"]
[Black "Venkatesh, M R.."]
[Result "1/2-1/2"]
[WhiteElo "2341"]
[BlackElo "2506"]
[PlyCount "45"]
[EventDate "2012.07.13"]
[EventType "swiss"]
[EventRounds "9"]
[EventCountry "ESP"]
[SourceTitle "Ajedrez en Madrid"]
[Source "lmi"]
[SourceDate "2012.07.13"]
[SourceVersion "1"]
[SourceVersionDate "2019.06.21"]
[SourceQuality "1"]

1. e4 c5 2. Nf3 Nc6 3. Bb5 d6 4. d4 cxd4 5. Qxd4 Bd7 6. Bxc6 Bxc6 7. Nc3 Nf6 8.
Bg5 e6 9. O-O-O Be7 10. Qd3 a6 11. Nd4 Rc8 12. f4 Qc7 13. Nxc6 Qxc6 14. e5 dxe5
15. fxe5 Nd5 16. Bxe7 Nxc3 17. bxc3 Kxe7 18. Rhf1 Rhd8 19. Qxh7 Rxd1+ 20. Rxd1
Qxc3 21. Qh4+ Ke8 22. Qh8+ Ke7 23. Qh4+ 1/2-1/2

[Event "14. Obert Int. Sant Marti 2012"]
[Site "Barcelona ESP"]
[Date "2012.07.18"]
[Round "6.16"]
[White "Mestre Bellido, Hector"]
[Black "Escobar Forero, Alder"]
[Result "0-1"]
[WhiteElo "2339"]
[BlackElo "2487"]
[PlyCount "68"]
[EventDate "2012.07.13"]
[EventType "swiss"]
[EventRounds "9"]
[EventCountry "ESP"]
[SourceTitle "Ajedrez en Madrid"]
[Source "lmi"]
[SourceDate "2012.07.13"]
[SourceVersion "1"]
[SourceVersionDate "2019.06.21"]
[SourceQuality "1"]

1. e4 c5 2. Nf3 Nc6 3. d4 cxd4 4. Nxd4 Nf6 5. Nc3 e5 6. Ndb5 d6 7. Bg5 a6 8.
Na3 b5 9. Nd5 Be7 10. Bxf6 Bxf6 11. c4 b4 12. Nc2 O-O 13. g3 Rb8 14. b3 Be7 15.
Bg2 Be6 16. O-O Qd7 17. Qd2 a5 18. Rad1 Bd8 19. Kh1 a4 20. Qe2 axb3 21. axb3
Na5 22. Rd3 Bxd5 23. exd5 f5 24. Ra1 e4 25. Rdd1 Nxb3 26. Rab1 Qa4 27. f3 Bf6
28. fxe4 Nc5 29. exf5 Rfe8 30. Qf2 Qa2 31. Kg1 b3 32. Nd4 Nd3 33. Qd2 Bxd4+ 34.
Kf1 Re1+ 0-1

[Event "14. Obert Int. Sant Marti 2012"]
[Site "Barcelona ESP"]
[Date "2012.07.18"]
[Round "6.17"]
[White "Konguvel, Ponnuswamy"]
[Black "Gonzalez Perez, Arian"]
[Result "1/2-1/2"]
[WhiteElo "2319"]
[BlackElo "2452"]
[PlyCount "66"]
[EventDate "2012.07.13"]
[EventType "swiss"]
[EventRounds "9"]
[EventCountry "ESP"]
[SourceTitle "Ajedrez en Madrid"]
[Source "lmi"]
[SourceDate "2012.07.13"]
[SourceVersion "1"]
[SourceVersionDate "2019.06.21"]
[SourceQuality "1"]

1. e4 c5 2. Nf3 Nc6 3. d4 cxd4 4. Nxd4 g6 5. Nc3 Bg7 6. Be3 Nf6 7. Bc4 O-O 8.
Bb3 d6 9. f3 Bd7 10. Qd2 Na5 11. h4 Qc7 12. h5 Nc4 13. Bxc4 Qxc4 14. hxg6 fxg6
15. O-O-O b5 16. Bh6 b4 17. Nd5 Qxa2 18. Qg5 Qa1+ 19. Kd2 Qxb2 20. Nxe7+ Kf7
21. Nef5 Bxh6 22. Nxh6+ Ke8 23. Qe3 Rc8 24. Rb1 Qc3+ 25. Qxc3 bxc3+ 26. Kd3 Rc7
27. g4 Ke7 28. g5 Nh5 29. Nhf5+ gxf5 30. Rxh5 fxe4+ 31. fxe4 Rf7 32. Rb3 a5 33.
Rxc3 Rxc3+ 1/2-1/2

[Event "14. Obert Int. Sant Marti 2012"]
[Site "Barcelona ESP"]
[Date "2012.07.18"]
[Round "6.18"]
[White "Alarcon Casellas, Rolando"]
[Black "Espinoza Palomino, Willyam"]
[Result "1-0"]
[WhiteElo "2436"]
[BlackElo "2296"]
[PlyCount "83"]
[EventDate "2012.07.13"]
[EventType "swiss"]
[EventRounds "9"]
[EventCountry "ESP"]
[SourceTitle "Ajedrez en Madrid"]
[Source "lmi"]
[SourceDate "2012.07.13"]
[SourceVersion "1"]
[SourceVersionDate "2019.06.21"]
[SourceQuality "1"]

1. e4 e5 2. Nf3 Nc6 3. Bb5 a6 4. Ba4 Nf6 5. Qe2 Bd6 6. c3 O-O 7. d3 Re8 8. Nbd2
Bf8 9. Nf1 b5 10. Bc2 d5 11. Bg5 d4 12. Ng3 h6 13. Bd2 dxc3 14. bxc3 a5 15. O-O
Ba6 16. Rfd1 b4 17. cxb4 Nxb4 18. Bxb4 axb4 19. Bb3 Nd7 20. Bd5 Rb8 21. Qc2 Nb6
22. Bb3 g6 23. d4 exd4 24. Rxd4 Qe7 25. e5 Kg7 26. Rf4 c5 27. Rxf7+ Qxf7 28.
Bxf7 Kxf7 29. h4 Rbd8 30. Qe4 Re6 31. h5 Bd3 32. hxg6+ Rxg6 33. e6+ Rxe6 34.
Ne5+ Ke8 35. Qf4 Rd7 36. Nxd7 Nxd7 37. Qg4 Re5 38. Nf1 c4 39. Ne3 Rc5 40. Rd1
Ne5 41. Qe6+ Be7 42. Nd5 1-0

[Event "14. Obert Int. Sant Marti 2012"]
[Site "Barcelona ESP"]
[Date "2012.07.18"]
[Round "6.20"]
[White "Ryan, Joseph"]
[Black "Pogorelov, Ruslan"]
[Result "1/2-1/2"]
[WhiteElo "2300"]
[BlackElo "2417"]
[PlyCount "126"]
[EventDate "2012.07.13"]
[EventType "swiss"]
[EventRounds "9"]
[EventCountry "ESP"]
[SourceTitle "Ajedrez en Madrid"]
[Source "lmi"]
[SourceDate "2012.07.13"]
[SourceVersion "1"]
[SourceVersionDate "2019.06.21"]
[SourceQuality "1"]

1. c4 Nf6 2. g3 c6 3. Bg2 d5 4. Nf3 dxc4 5. O-O Nbd7 6. Qc2 Nb6 7. Na3 Qd5 8.
b3 cxb3 9. axb3 g6 10. Bb2 Bg7 11. Ne5 Qd8 12. b4 O-O 13. b5 cxb5 14. Nxb5 a6
15. Nc3 Qc7 16. Nf3 Bf5 17. Qc1 Rac8 18. d3 Qd7 19. Qd2 Ng4 20. Nd1 Bxb2 21.
Nxb2 Rc7 22. e4 Be6 23. h3 Nf6 24. Qh6 Qb5 25. e5 Nbd7 26. exf6 Nxf6 27. Nc4
Bxc4 28. dxc4 Rxc4 29. Rfe1 Rc7 30. Rab1 Qd7 31. Rb6 e6 32. Reb1 Rfc8 33. Ne5
Qd4 34. Ng4 Nxg4 35. hxg4 Qxg4 36. Rxb7 Rxb7 37. Rxb7 Rd8 38. Rb1 Rd1+ 39. Rxd1
Qxd1+ 40. Kh2 Qd4 41. Qe3 Qxe3 42. fxe3 Kg7 43. Bc6 Kf6 44. Kg2 Kg5 45. Kf3 f5
46. e4 e5 47. exf5 gxf5 48. Ba4 h5 49. Be8 h4 50. gxh4+ Kxh4 51. Ba4 Kg5 52.
Be8 Kf6 53. Bd7 Kg5 54. Ba4 e4+ 55. Ke3 Kf6 56. Kf4 Ke6 57. Bb3+ Kd6 58. Kxf5
e3 59. Bc4 a5 60. Ke4 Kc5 61. Be2 a4 62. Kd3 Kb4 63. Kc2 a3 1/2-1/2

[Event "14. Obert Int. Sant Marti 2012"]
[Site "Barcelona ESP"]
[Date "2012.07.18"]
[Round "6.21"]
[White "Zsinka, Laszlo"]
[Black "Palit, Somak"]
[Result "1/2-1/2"]
[WhiteElo "2291"]
[BlackElo "2393"]
[PlyCount "110"]
[EventDate "2012.07.13"]
[EventType "swiss"]
[EventRounds "9"]
[EventCountry "ESP"]
[SourceTitle "Ajedrez en Madrid"]
[Source "lmi"]
[SourceDate "2012.07.13"]
[SourceVersion "1"]
[SourceVersionDate "2019.06.21"]
[SourceQuality "1"]

1. d4 e6 2. c4 b6 3. e4 Bb7 4. Bd3 Nc6 5. Nf3 Nb4 6. Nc3 Nxd3+ 7. Qxd3 d6 8.
O-O Be7 9. Bd2 Nf6 10. d5 O-O 11. Nd4 Qd7 12. f4 c5 13. Nf3 exd5 14. exd5 Rfe8
15. Rae1 Bf8 16. Ng5 Rxe1 17. Rxe1 Re8 18. Nce4 Nxe4 19. Nxe4 Bc8 20. Bc3 f5
21. Ng5 Rxe1+ 22. Bxe1 Qe8 23. Bc3 h6 24. Nf3 Qa4 25. a3 b5 26. Nd2 bxc4 27.
Qxc4 Qxc4 28. Nxc4 Bb7 29. Ne3 g6 30. Kf2 Kf7 31. Ke2 g5 32. g3 Ba6+ 33. Kd2
Kg6 34. b4 gxf4 35. gxf4 Bc8 36. b5 h5 37. Kd3 h4 38. h3 Be7 39. a4 Bd8 40. a5
Kf7 41. Kc4 Kg6 42. Be1 Bf6 43. Ng2 Kh5 44. Bc3 Bd8 45. Ne3 Kg6 46. Be1 a6 47.
b6 Bb7 48. Ng2 Kh5 49. Bc3 Kg6 50. Ne3 Bc8 51. Be1 Bb7 52. Ng2 Kh5 53. Bc3 Kg6
54. Bb2 Bc8 55. Bc3 Bb7 1/2-1/2

[Event "14. Obert Int. Sant Marti 2012"]
[Site "Barcelona ESP"]
[Date "2012.07.18"]
[Round "6.22"]
[White "Vigoa Apecheche, Yanira"]
[Black "Grafl, Florian"]
[Result "1-0"]
[WhiteElo "2269"]
[BlackElo "2387"]
[PlyCount "97"]
[EventDate "2012.07.13"]
[EventType "swiss"]
[EventRounds "9"]
[EventCountry "ESP"]
[SourceTitle "Ajedrez en Madrid"]
[Source "lmi"]
[SourceDate "2012.07.13"]
[SourceVersion "1"]
[SourceVersionDate "2019.06.21"]
[SourceQuality "1"]

1. d4 f5 2. Bg5 h6 3. Bh4 g5 4. e3 Bg7 5. Qh5+ Kf8 6. Bg3 d6 7. Qd1 Nc6 8. Nf3
Bd7 9. h4 g4 10. Nfd2 e5 11. Bd3 exd4 12. e4 fxe4 13. Bxe4 Nf6 14. O-O Qe7 15.
Bd3 Ne5 16. Nb3 Nxd3 17. cxd3 Nh5 18. N1d2 Kg8 19. Ne4 Nxg3 20. fxg3 Kh7 21.
Rc1 c5 22. Qe2 Rhe8 23. Rce1 Qe6 24. Qd2 Qg6 25. h5 Qxh5 26. Nxd6 Rxe1 27. Qxe1
Bc6 28. Rf5 Qg6 29. Qe7 b6 30. Nd2 Rg8 31. N2c4 Re8 32. Nxe8 Qxe8 33. Rf7 Qxe7
34. Rxe7 b5 35. Ne5 Bd5 36. b3 a5 37. Nd7 Kg6 38. Nxc5 Bf8 39. Re5 Bf7 40. Nd7
Bb4 41. Rxb5 Be8 42. Rb6+ Kg5 43. Ne5 Bc3 44. Rb8 Bh5 45. Kf1 Kf5 46. Ke2 Bb4
47. Nc6 Bc3 48. Rb5+ Kg6 49. Ne7+ 1-0

[Event "14. Obert Int. Sant Marti 2012"]
[Site "Barcelona ESP"]
[Date "2012.07.18"]
[Round "6.23"]
[White "Porta Tovar, Guillem"]
[Black "Pulvett, Daniel"]
[Result "0-1"]
[WhiteElo "1846"]
[BlackElo "2383"]
[PlyCount "86"]
[EventDate "2012.07.13"]
[EventType "swiss"]
[EventRounds "9"]
[EventCountry "ESP"]
[SourceTitle "Ajedrez en Madrid"]
[Source "lmi"]
[SourceDate "2012.07.13"]
[SourceVersion "1"]
[SourceVersionDate "2019.06.21"]
[SourceQuality "1"]

1. e4 c5 2. Nf3 d6 3. d4 cxd4 4. Nxd4 Nf6 5. Nc3 g6 6. Be3 Bg7 7. Bc4 O-O 8. f3
Nc6 9. Bb3 Bd7 10. Qd2 Na5 11. h4 Qc7 12. O-O-O Nc4 13. Bxc4 Qxc4 14. Kb1 b5
15. h5 b4 16. Nce2 e5 17. Nb3 a5 18. hxg6 fxg6 19. Qd3 Bb5 20. Nbc1 Qxd3 21.
Nxd3 d5 22. exd5 Nxd5 23. Bh6 Bxh6 24. Rxh6 Ne3 25. Rdh1 Ra7 26. Nec1 Nxg2 27.
Nxe5 Nf4 28. R6h4 Re7 29. Ng4 h5 30. Nf2 Bc6 31. Ne4 Bxe4 32. fxe4 Rxe4 33. Nd3
Nxd3 34. cxd3 Rxh4 35. Rxh4 Rf2 36. Rd4 g5 37. Rd5 Rg2 38. Rxa5 h4 39. Rc5 h3
40. Rc1 h2 41. a4 b3 42. a5 Rg1 43. Rxg1 hxg1=Q# 0-1

[Event "14. Obert Int. Sant Marti 2012"]
[Site "Barcelona ESP"]
[Date "2012.07.18"]
[Round "6.24"]
[White "Rojas Keim, Luis"]
[Black "Lacasta Palacio, Joaquim"]
[Result "1-0"]
[WhiteElo "2426"]
[BlackElo "2195"]
[PlyCount "93"]
[EventDate "2012.07.13"]
[EventType "swiss"]
[EventRounds "9"]
[EventCountry "ESP"]
[SourceTitle "Ajedrez en Madrid"]
[Source "lmi"]
[SourceDate "2012.07.13"]
[SourceVersion "1"]
[SourceVersionDate "2019.06.21"]
[SourceQuality "1"]

1. d4 e6 2. e4 d5 3. exd5 exd5 4. c4 Nf6 5. Nc3 Be7 6. Nf3 c6 7. Bd3 O-O 8. O-O
Bg4 9. Re1 Nbd7 10. Bg5 dxc4 11. Bxc4 Nb6 12. Bb3 h6 13. Bh4 Nfd5 14. Bxe7 Nxe7
15. h3 Bf5 16. Re5 Bh7 17. a4 Ng6 18. Re3 Nf4 19. Ne5 Nbd5 20. Rg3 Kh8 21. Qg4
g5 22. Nxd5 cxd5 23. Qd1 f6 24. Ng4 h5 25. Nh2 Qb6 26. Re3 Rae8 27. h4 g4 28.
Nf1 Qd8 29. Qd2 Ng6 30. Ng3 Rxe3 31. Qxe3 Nxh4 32. Nxh5 Nf5 33. Qf4 Rg8 34. Rc1
Rg5 35. Ng3 Nxg3 36. Qxg3 Rg7 37. Rc5 Be4 38. Qe3 Kh7 39. Qf4 b6 40. Rc6 f5 41.
Rh6+ Kg8 42. Qe5 Kf8 43. Rd6 Qg5 44. Rc6 f4 45. Rc8+ Kf7 46. Qe8+ Kf6 47. Rc6+
1-0

[Event "14. Obert Int. Sant Marti 2012"]
[Site "Barcelona ESP"]
[Date "2012.07.18"]
[Round "6.26"]
[White "Mosquera, Miguel"]
[Black "Krishna, C R G.."]
[Result "0-1"]
[WhiteElo "2395"]
[BlackElo "2273"]
[PlyCount "68"]
[EventDate "2012.07.13"]
[EventType "swiss"]
[EventRounds "9"]
[EventCountry "ESP"]
[SourceTitle "Ajedrez en Madrid"]
[Source "lmi"]
[SourceDate "2012.07.13"]
[SourceVersion "1"]
[SourceVersionDate "2019.06.21"]
[SourceQuality "1"]

1. e4 e6 2. d4 d5 3. Nc3 Bb4 4. e5 c5 5. a3 Bxc3+ 6. bxc3 Qa5 7. Bd2 Qa4 8. Nf3
b6 9. c4 Ne7 10. cxd5 exd5 11. c4 Qxd1+ 12. Rxd1 dxc4 13. Bxc4 Ba6 14. Rc1 Bxc4
15. Rxc4 Nd7 16. dxc5 Nxc5 17. Ke2 Ne6 18. Rhc1 O-O 19. Nd4 Nd5 20. g3 Rfd8 21.
Nxe6 fxe6 22. f4 g6 23. g4 Rf8 24. a4 Rad8 25. R1c2 Kg7 26. Bc1 Rd7 27. Kf3 g5
28. f5 exf5 29. gxf5 Rxf5+ 30. Ke4 Rf1 31. Re2 Nf4 32. Rd2 Re1+ 33. Kf5 Rf7+
34. Kxg5 Rg1+ 0-1

[Event "14. Obert Int. Sant Marti 2012"]
[Site "Barcelona ESP"]
[Date "2012.07.18"]
[Round "6.28"]
[White "Dominguez Pons, Eric"]
[Black "Aranda Gonzalez, Jose"]
[Result "0-1"]
[WhiteElo "2325"]
[BlackElo "2245"]
[PlyCount "88"]
[EventDate "2012.07.13"]
[EventType "swiss"]
[EventRounds "9"]
[EventCountry "ESP"]
[SourceTitle "Ajedrez en Madrid"]
[Source "lmi"]
[SourceDate "2012.07.13"]
[SourceVersion "1"]
[SourceVersionDate "2019.06.21"]
[SourceQuality "1"]

1. e4 e6 2. d4 d5 3. Nc3 Bb4 4. e5 c5 5. a3 Bxc3+ 6. bxc3 Qc7 7. Qg4 f6 8. Nf3
c4 9. Qg3 Qf7 10. Be2 Nc6 11. O-O Bd7 12. exf6 gxf6 13. Qc7 Bc8 14. Qd6 Qe7 15.
Qg3 Bd7 16. Ne5 Nxe5 17. dxe5 Qf7 18. Rb1 Bc6 19. Qh3 O-O-O 20. Bf4 f5 21. Bh5
Qg7 22. Be3 b6 23. Bxb6 axb6 24. Rxb6 Ne7 25. f4 Kc7 26. Rb4 Rb8 27. Bf3 Rxb4
28. axb4 Ra8 29. Qh4 Ng6 30. Qg3 Ra2 31. h4 Qe7 32. h5 Nf8 33. Qg8 Rxc2 34. Ra1
Bb7 35. h6 Rxc3 36. Bh5 Qxb4 37. Qf7+ Nd7 38. Qxh7 Qb2 39. Rf1 Rc1 40. Qg7 Qd4+
41. Kh2 Rxf1 42. h7 Qxf4+ 43. Qg3 Rh1+ 44. Kxh1 Qxg3 0-1